Statistics for The First Saint Lucia Quiz on JetPunk!

Click here to take the quiz!

General Stats

  • This quiz has been taken 62 times
    (12 since last reset)
  • The average score is 7 of 16

Answer Stats

Hint Answer % Correct
Official languageEnglish
100%
CurrencyEast Carribbean Dollar
92%
Bordering oceanAtlantic Ocean
92%
Bordering seaCaribbean Sea
92%
Biggest cities + capitalCastries
58%
MonarchQueen Elizabeth II
50%
Date of independenceFebruary 22nd, {1979}
33%
Biggest citiesVieux Fort
25%
Name one of the subdivisions
(other than the capital)
Anse la Raye | Dauphin | Choiseul |
Dennery | Gros Inlet | Laborie |
Micoud | Praslin | Soufrière | Vieux Fort
25%
Biggest exportsPetroleum
25%
Biggest exportsBananas
25%
Biggest citiesMicoud
17%
Biggest citiesBisee
8%
Biggest citiesSoufrière
8%
Prime ministerAllen Chastanet
8%
Highest pointSoufrière Hill
8%

Score Distribution

Percentile by Number Answered

Percent of People with Each Score

Your Score History

You have not taken this quiz since the last reset